00604nam a2200205Ia 4500003000400000005001700004008004100021020001900062040000700081041000800088082001300096100002900109245002400138260004600162300000900208650002300217942001300240999001900253952012600272OSt20250901112734.0250729s1997 xx 000 0 und d a 9781300527534 cAL aeng a200 KAIT aKaitholil George9222341 aThe sound of heaven aMumbaibBetter Yourself Publicationc1997 a102p aGeneraliya9222342 2ddccBED c235417d235417 00104070aALbALd2025-07-29eSita Book Houseg25.00l0o200 KAITpBED00736r2025-07-29 16:53:58v25.00w2025-07-29yBK